00417 a2200145 4500010001400000020001000014035001300024037001500037082000800052100001900060245004900079260004300128270007900171300002100250 aENG-86776 c50.00 aEN-70309 bDBAD / PUB14a280 aHopper, W.A.F.1 aJesus :cby W.A.F. Hopperbmaster educator / aHyderabadbETF Publication Trustc2005 a9-Sterling Apts., Snehpuri Colony, Nacharam P.O.bHyderabade500 076cA.P. a125pc21cm (pbk)